[Event "DEM U10w 2022"]
[Site "Willingen GER"]
[Date "2022.06.10"]
[Round "10"]
[White "Hladeniuk, Yelyzaveta"]
[Black "Kovalskyy, Alicia"]
[Result "0-1"]
[Termination "normal"]
[Board "1"]
[WhiteElo "1019"]
[BlackElo "1499"]
[WhiteClock "01:01:14"]
[BlackClock "00:52:16"]
[PlyCount "78"]
[WhiteFideId "34176128"]
[BlackFideId "34612130"]
[EventCountry "GER"]
[EventRounds "11"]
[EventType "swiss"]
[EventDate "2022.06.04"]

1. d4 {[%clk 01:15:57]} {[%emt 00:00:02]} d5 {[%clk 01:16:23]} {[%emt
00:00:08]} 2. c4 {[%clk 01:16:12]} {[%emt 00:00:14]} e6 {[%clk 01:16:46]}
{[%emt 00:00:07]} 3. Nc3 {[%clk 01:16:27]} {[%emt 00:00:15]} c6 {[%clk
01:17:08]} {[%emt 00:00:07]} 4. cxd5 {[%clk 01:16:46]} {[%emt 00:00:11]} exd5
{[%clk 01:17:28]} {[%emt 00:00:10]} 5. Nf3 {[%clk 01:17:00]} {[%emt 00:00:16]}
Bf5 {[%clk 01:17:29]} {[%emt 00:00:29]} 6. Bf4 {[%clk 01:17:04]} {[%emt
00:00:26]} Bd6 {[%clk 01:17:39]} {[%emt 00:00:20]} 7. Bxd6 {[%clk 01:13:02]}
{[%emt 00:04:32]} Qxd6 {[%clk 01:17:56]} {[%emt 00:00:13]} 8. e3 {[%clk
01:12:09]} {[%emt 00:01:24]} Nf6 {[%clk 01:17:36]} {[%emt 00:00:49]} 9. Bd3
{[%clk 01:11:42]} {[%emt 00:00:57]} Bxd3 {[%clk 01:17:55]} {[%emt 00:00:11]}
10. Qxd3 {[%clk 01:10:03]} {[%emt 00:02:09]} Nbd7 {[%clk 01:18:05]} {[%emt
00:00:20]} 11. O-O {[%clk 01:09:51]} {[%emt 00:00:41]} O-O {[%clk 01:15:41]}
{[%emt 00:02:54]} 12. Rfe1 {[%clk 01:08:14]} {[%emt 00:02:07]} Rfe8 {[%clk
01:15:10]} {[%emt 00:01:02]} 13. Re2 {[%clk 01:06:35]} {[%emt 00:02:08]} Ne4
{[%clk 01:14:45]} {[%emt 00:00:56]} 14. Rae1 {[%clk 01:06:07]} {[%emt
00:00:58]} Re6 {[%clk 01:11:36]} {[%emt 00:03:39]} 15. h3 {[%clk 01:05:26]}
{[%emt 00:01:10]} Rae8 {[%clk 01:09:41]} {[%emt 00:02:25]} 16. Nd2 {[%clk
01:05:23]} {[%emt 00:00:34]} Nxd2 {[%clk 01:03:46]} {[%emt 00:06:25]} 17. Rxd2
{[%clk 01:05:25]} {[%emt 00:00:28]} Nf6 {[%clk 00:58:59]} {[%emt 00:05:17]} 18.
Qf5 {[%clk 01:03:05]} {[%emt 00:02:49]} Ne4 {[%clk 00:57:42]} {[%emt 00:01:49]}
19. Nxe4 {[%clk 01:02:26]} {[%emt 00:01:08]} dxe4 {[%clk 00:57:45]} {[%emt
00:00:27]} 20. Qc5 {[%clk 01:02:25]} {[%emt 00:00:31]} b6 {[%clk 00:56:41]}
{[%emt 00:01:34]} 21. Qxd6 {[%clk 01:02:28]} {[%emt 00:00:27]} Rxd6 {[%clk
00:57:01]} {[%emt 00:00:09]} 22. Rc2 {[%clk 01:02:41]} {[%emt 00:00:17]} Ree6
{[%clk 00:56:08]} {[%emt 00:01:23]} 23. Rd1 {[%clk 01:01:06]} {[%emt 00:02:06]}
f5 {[%clk 00:54:26]} {[%emt 00:02:11]} 24. a3 {[%clk 01:00:50]} {[%emt
00:00:46]} c5 {[%clk 00:53:31]} {[%emt 00:01:25]} 25. Rdd2 {[%clk 01:00:23]}
{[%emt 00:00:57]} cxd4 {[%emt 00:00:29]} 26. Rxd4 {[%emt 00:01:20]} Rxd4 {[%clk
00:50:56]} {[%emt 00:01:17]} 27. Rc8+ {[%clk 01:00:13]} {[%emt 00:00:40]} Kf7
{[%clk 00:51:16]} {[%emt 00:00:10]} 28. Rc7+ {[%clk 01:00:32]} {[%emt
00:00:12]} Re7 {[%clk 00:51:34]} {[%emt 00:00:10]} 29. Rxe7+ {[%clk 01:00:48]}
{[%emt 00:00:14]} Kxe7 {[%clk 00:52:00]} {[%emt 00:00:05]} 30. exd4 {[%clk
01:01:11]} {[%emt 00:00:06]} Kd6 {[%clk 00:52:24]} {[%emt 00:00:07]} 31. Kf1
{[%clk 01:01:27]} {[%emt 00:00:14]} Kd5 {[%clk 00:52:44]} {[%emt 00:00:10]} 32.
Ke2 {[%clk 01:01:40]} {[%emt 00:00:18]} Kxd4 {[%clk 00:53:06]} {[%emt
00:00:07]} 33. g3 {[%clk 01:00:47]} {[%emt 00:01:24]} Kc4 {[%clk 00:52:43]}
{[%emt 00:00:52]} 34. Kd2 {[%clk 01:00:51]} {[%emt 00:00:26]} g5 {[%clk
00:52:41]} {[%emt 00:00:32]} 35. Kc2 {[%clk 01:00:35]} {[%emt 00:00:46]} h5
{[%clk 00:51:51]} {[%emt 00:01:20]} 36. b3+ {[%clk 01:00:57]} {[%emt 00:00:08]}
Kd4 {[%clk 00:52:14]} {[%emt 00:00:07]} 37. Kd2 {[%clk 01:01:19]} {[%emt
00:00:08]} a6 {[%clk 00:51:54]} {[%emt 00:00:51]} 38. h4 {[%clk 01:00:54]}
{[%emt 00:00:55]} gxh4 {[%clk 00:52:01]} {[%emt 00:00:22]} 39. gxh4 {[%clk
01:01:14]} {[%emt 00:00:10]} f4 {[%clk 00:52:16]} {[%emt 00:00:15]} 0-1

[Event "DEM U10w 2022"]
[Site "Willingen GER"]
[Date "2022.06.10"]
[Round "10"]
[White "Yang, Sophie"]
[Black "Nönnig, Lotte"]
[Result "0-1"]
[Termination "normal"]
[Board "2"]
[WhiteElo "1209"]
[BlackElo "1049"]
[WhiteClock "00:17:36"]
[BlackClock "00:36:06"]
[PlyCount "120"]
[WhiteFideId "16279174"]
[BlackFideId "34611509"]
[EventCountry "GER"]
[EventRounds "11"]
[EventType "swiss"]
[EventDate "2022.06.04"]

1. e4 {[%clk 01:15:57]} {[%emt 00:00:02]} e5 {[%clk 01:15:53]} {[%emt
00:00:08]} 2. Nc3 {[%clk 01:16:23]} {[%emt 00:00:04]} Nf6 {[%clk 01:15:59]}
{[%emt 00:00:22]} 3. Bc4 {[%clk 01:16:35]} {[%emt 00:00:18]} Bc5 {[%clk
01:15:58]} {[%emt 00:00:33]} 4. d3 {[%clk 01:16:36]} {[%emt 00:00:28]} h6
{[%clk 01:15:46]} {[%emt 00:00:43]} 5. f4 {[%clk 01:16:46]} {[%emt 00:00:20]}
d6 {[%clk 01:07:56]} {[%emt 00:08:20]} 6. Nf3 {[%clk 01:17:01]} {[%emt
00:00:15]} Bg4 {[%clk 01:07:21]} {[%emt 00:01:05]} 7. Bd2 {[%clk 01:12:15]}
{[%emt 00:05:14]} Nc6 {[%clk 01:07:15]} {[%emt 00:00:37]} 8. h3 {[%emt
00:01:54]} Bxf3 {[%emt 00:00:37]} 9. gxf3 {[%clk 01:09:03]} {[%emt 00:01:11]}
Qd7 {[%clk 01:06:34]} {[%emt 00:01:10]} 10. Qe2 {[%clk 01:08:02]} {[%emt
00:01:30]} O-O-O {[%clk 01:06:30]} {[%emt 00:00:37]} 11. O-O-O {[%clk
01:08:24]} {[%emt 00:00:08]} Nh5 {[%clk 01:05:29]} {[%emt 00:01:29]} 12. fxe5
{[%emt 00:02:33]} Ng3 {[%emt 00:00:24]} 13. Qg2 {[%clk 01:05:18]} {[%emt
00:00:36]} Nxh1 {[%clk 01:05:39]} {[%emt 00:00:25]} 14. Rxh1 {[%clk 01:05:38]}
{[%emt 00:00:09]} dxe5 {[%clk 01:05:15]} {[%emt 00:00:55]} 15. Qxg7 {[%clk
00:59:43]} {[%emt 00:06:23]} Rdf8 {[%clk 01:03:35]} {[%emt 00:02:10]} 16. Qg2
{[%clk 00:57:18]} {[%emt 00:02:54]} Rhg8 {[%clk 01:03:15]} {[%emt 00:00:53]}
17. Qf1 {[%clk 00:56:59]} {[%emt 00:00:47]} h5 {[%clk 01:02:36]} {[%emt
00:01:10]} 18. Nd5 {[%clk 00:54:15]} {[%emt 00:03:12]} Qd6 {[%clk 01:01:56]}
{[%emt 00:01:13]} 19. f4 {[%clk 00:52:39]} {[%emt 00:02:03]} Bd4 {[%clk
01:01:10]} {[%emt 00:01:19]} 20. fxe5 {[%clk 00:51:06]} {[%emt 00:02:02]} Qxe5
{[%clk 01:00:56]} {[%emt 00:00:44]} 21. c3 {[%clk 00:49:31]} {[%emt 00:02:00]}
Bb6 {[%clk 01:00:15]} {[%emt 00:01:14]} 22. Bf4 {[%clk 00:48:10]} {[%emt
00:01:50]} Qg7 {[%clk 00:58:47]} {[%emt 00:01:57]} 23. Kb1 {[%clk 00:46:36]}
{[%emt 00:02:04]} f5 {[%clk 00:57:31]} {[%emt 00:01:50]} 24. Nxb6+ {[%clk
00:44:34]} {[%emt 00:02:33]} axb6 {[%clk 00:56:47]} {[%emt 00:01:13]} 25. Bxg8
{[%clk 00:44:14]} {[%emt 00:00:50]} Qxg8 {[%clk 00:55:36]} {[%emt 00:01:41]}
26. exf5 {[%clk 00:38:47]} {[%emt 00:05:56]} Rxf5 {[%clk 00:55:50]} {[%emt
00:00:18]} 27. Qc1 {[%clk 00:37:43]} {[%emt 00:01:30]} Qd5 {[%clk 00:54:57]}
{[%emt 00:01:25]} 28. Ka1 {[%clk 00:31:50]} {[%emt 00:06:23]} Rxf4 {[%clk
00:54:46]} {[%emt 00:00:43]} 29. a3 {[%clk 00:31:18]} {[%emt 00:01:02]} Rf3
{[%clk 00:53:52]} {[%emt 00:01:23]} 30. Qe1 {[%clk 00:30:18]} {[%emt 00:01:27]}
Rxd3 {[%clk 00:53:07]} {[%emt 00:01:19]} 31. h4 {[%clk 00:29:57]} {[%emt
00:00:46]} Qa5 {[%clk 00:51:04]} {[%emt 00:02:37]} 32. Qe8+ {[%clk 00:29:27]}
{[%emt 00:00:58]} Rd8 {[%clk 00:51:08]} {[%emt 00:00:30]} 33. Qe6+ {[%clk
00:29:29]} {[%emt 00:00:21]} Kb8 {[%clk 00:51:06]} {[%emt 00:00:37]} 34. Rf1
{[%clk 00:28:42]} {[%emt 00:01:09]} Qa4 {[%clk 00:49:27]} {[%emt 00:02:16]} 35.
Qe2 {[%clk 00:27:41]} {[%emt 00:01:29]} b5 {[%clk 00:48:20]} {[%emt 00:01:40]}
36. Qxh5 {[%emt 00:01:03]} b4 {[%emt 00:00:54]} 37. Qg4 {[%clk 00:24:52]}
{[%emt 00:01:08]} Qa6 {[%clk 00:48:18]} {[%emt 00:00:46]} 38. Rc1 {[%clk
00:24:19]} {[%emt 00:00:52]} bxa3 {[%clk 00:48:03]} {[%emt 00:00:57]} 39. b3
{[%clk 00:23:02]} {[%emt 00:01:46]} Na5 {[%clk 00:44:27]} {[%emt 00:04:06]} 40.
Rb1 {[%clk 00:22:01]} {[%emt 00:01:31]} Qd3 {[%clk 00:42:45]} {[%emt 00:02:12]}
41. Qb4 {[%clk 00:20:24]} {[%emt 00:02:04]} Nc6 {[%clk 00:41:55]} {[%emt
00:01:21]} 42. Qxa3 {[%clk 00:20:10]} {[%emt 00:00:45]} Qxc3+ {[%clk 00:41:17]}
{[%emt 00:01:09]} 43. Qb2 {[%clk 00:20:04]} {[%emt 00:00:30]} Qxb2+ {[%clk
00:39:38]} {[%emt 00:02:15]} 44. Kxb2 {[%emt 00:00:24]} Rd2+ {[%emt 00:00:10]}
45. Ka3 {[%clk 00:19:14]} {[%emt 00:00:47]} Rh2 {[%clk 00:39:52]} {[%emt
00:00:15]} 46. Re1 {[%clk 00:19:16]} {[%emt 00:00:21]} Rxh4 {[%clk 00:39:36]}
{[%emt 00:00:53]} 47. Re8+ {[%clk 00:19:20]} {[%emt 00:00:24]} Ka7 {[%clk
00:39:43]} {[%emt 00:00:25]} 48. Rf8 {[%clk 00:18:09]} {[%emt 00:01:35]} Rh3
{[%clk 00:39:32]} {[%emt 00:00:48]} 49. Rf4 {[%clk 00:18:00]} {[%emt 00:00:36]}
Na5 {[%clk 00:38:46]} {[%emt 00:01:19]} 50. Rb4 {[%clk 00:17:28]} {[%emt
00:00:59]} c5 {[%clk 00:36:42]} {[%emt 00:02:36]} 51. Re4 {[%clk 00:15:30]}
{[%emt 00:02:26]} Rxb3+ {[%clk 00:35:56]} {[%emt 00:01:19]} 52. Ka2 {[%clk
00:15:40]} {[%emt 00:00:18]} c4 {[%clk 00:35:30]} {[%emt 00:00:57]} 53. Rxc4
{[%clk 00:15:50]} {[%emt 00:00:19]} Nxc4 {[%clk 00:35:21]} {[%emt 00:00:40]}
54. Ka1 {[%clk 00:16:09]} {[%emt 00:00:06]} Kb6 {[%clk 00:34:38]} {[%emt
00:01:19]} 55. Ka2 {[%clk 00:16:27]} {[%emt 00:00:11]} Nd2 {[%clk 00:34:48]}
{[%emt 00:00:20]} 56. Ka1 {[%clk 00:16:46]} {[%emt 00:00:12]} Kc5 {[%clk
00:35:06]} {[%emt 00:00:11]} 57. Ka2 {[%clk 00:17:14]} {[%emt 00:00:02]} Kc4
{[%clk 00:35:17]} {[%emt 00:00:19]} 58. Ka1 {[%clk 00:17:25]} {[%emt 00:00:18]}
Kc3 {[%clk 00:35:44]} {[%emt 00:00:04]} 59. Ka2 {[%clk 00:17:36]} {[%emt
00:00:20]} Kc2 {[%clk 00:36:06]} {[%emt 00:00:07]} 60. Ka1 {[%emt 00:00:17]}
Ra3# {[%emt 00:00:03]} 0-1

[Event "DEM U10w 2022"]
[Site "Willingen GER"]
[Date "2022.06.10"]
[Round "10"]
[White "Dominick, Johanna"]
[Black "Ramakrishnan, Veda"]
[Result "0-1"]
[Termination "normal"]
[Board "3"]
[WhiteElo "1431"]
[BlackElo "1191"]
[WhiteClock "00:27:56"]
[BlackClock "00:39:22"]
[PlyCount "118"]
[WhiteFideId "16296532"]
[BlackFideId "16269519"]
[EventCountry "GER"]
[EventRounds "11"]
[EventType "swiss"]
[EventDate "2022.06.04"]

1. d4 {[%clk 01:15:59]} d5 {[%clk 01:15:54]} {[%emt 00:00:06]} 2. e3 {[%clk
01:16:24]} {[%emt 00:00:05]} Bf5 {[%clk 01:16:00]} {[%emt 00:00:24]} 3. f4
{[%clk 01:16:40]} {[%emt 00:00:13]} h6 {[%clk 01:15:30]} {[%emt 00:01:01]} 4.
Nf3 {[%clk 01:16:55]} {[%emt 00:00:14]} e6 {[%clk 01:15:11]} {[%emt 00:00:49]}
5. Nbd2 {[%clk 01:17:12]} {[%emt 00:00:12]} Nf6 {[%clk 01:14:48]} {[%emt
00:00:54]} 6. c3 {[%clk 01:16:54]} {[%emt 00:00:49]} Nbd7 {[%clk 01:14:32]}
{[%emt 00:00:46]} 7. Ne5 {[%clk 01:14:05]} {[%emt 00:03:20]} Bd6 {[%clk
01:12:28]} {[%emt 00:02:32]} 8. Ndf3 {[%clk 01:12:31]} {[%emt 00:02:02]} Ne4
{[%clk 01:09:21]} {[%emt 00:03:37]} 9. Bd3 {[%clk 01:12:54]} {[%emt 00:00:07]}
f6 {[%clk 01:07:05]} {[%emt 00:02:49]} 10. Nxd7 {[%clk 01:13:08]} {[%emt
00:00:16]} Qxd7 {[%clk 01:07:25]} {[%emt 00:00:09]} 11. O-O {[%clk 01:13:31]}
{[%emt 00:00:07]} O-O {[%clk 01:06:28]} {[%emt 00:01:27]} 12. b4 {[%clk
01:05:04]} {[%emt 00:08:57]} c6 {[%clk 01:05:38]} {[%emt 00:01:20]} 13. Qc2
{[%clk 01:05:00]} {[%emt 00:00:25]} Bc7 {[%clk 01:04:41]} {[%emt 00:01:37]} 14.
a4 {[%clk 01:04:54]} {[%emt 00:00:33]} a6 {[%clk 01:04:31]} {[%emt 00:00:43]}
15. a5 {[%clk 01:04:51]} {[%emt 00:00:30]} Nd6 {[%clk 01:02:06]} {[%emt
00:02:57]} 16. Bd2 {[%clk 00:59:02]} {[%emt 00:06:19]} Bxd3 {[%clk 01:01:38]}
{[%emt 00:00:59]} 17. Qxd3 {[%clk 00:59:01]} {[%emt 00:00:30]} Ne4 {[%clk
01:01:20]} {[%emt 00:00:48]} 18. Rac1 {[%clk 00:55:24]} {[%emt 00:04:02]} b6
{[%clk 00:58:43]} {[%emt 00:03:12]} 19. Ra1 {[%clk 00:54:20]} {[%emt 00:01:33]}
bxa5 {[%clk 00:57:36]} {[%emt 00:01:39]} 20. bxa5 {[%clk 00:53:30]} {[%emt
00:01:19]} c5 {[%clk 00:57:33]} {[%emt 00:00:33]} 21. Qe2 {[%clk 00:47:44]}
{[%emt 00:06:15]} c4 {[%clk 00:52:31]} {[%emt 00:05:33]} 22. Rfb1 {[%clk
00:46:54]} {[%emt 00:01:17]} Rfb8 {[%clk 00:52:12]} {[%emt 00:00:53]} 23. Qe1
{[%clk 00:45:08]} {[%emt 00:02:10]} Rb5 {[%clk 00:50:43]} {[%emt 00:02:03]} 24.
Rxb5 {[%clk 00:43:15]} {[%emt 00:02:24]} Qxb5 {[%clk 00:48:38]} {[%emt
00:02:34]} 25. Qb1 {[%clk 00:42:56]} {[%emt 00:00:46]} Qxb1+ {[%clk 00:48:21]}
{[%emt 00:00:52]} 26. Rxb1 {[%clk 00:43:20]} {[%emt 00:00:06]} Bxa5 {[%clk
00:48:36]} {[%emt 00:00:15]} 27. Rc1 {[%clk 00:29:59]} {[%emt 00:13:51]} Rb8
{[%clk 00:46:58]} {[%emt 00:02:06]} 28. Kf1 {[%clk 00:28:20]} {[%emt 00:02:10]}
Rb5 {[%clk 00:38:45]} {[%emt 00:08:43]} 29. Ra1 {[%clk 00:27:38]} {[%emt
00:01:12]} Nxd2+ {[%clk 00:38:15]} {[%emt 00:01:00]} 30. Nxd2 {[%clk 00:27:55]}
{[%emt 00:00:13]} Bxc3 {[%clk 00:38:19]} {[%emt 00:00:26]} 31. Ra2 {[%clk
00:28:05]} {[%emt 00:00:04]} Rb2 {[%clk 00:36:55]} {[%emt 00:02:05]} 32. Rxb2
{[%clk 00:28:30]} {[%emt 00:00:12]} Bxb2 {[%clk 00:37:19]} {[%emt 00:00:05]}
33. Ke1 {[%clk 00:28:39]} {[%emt 00:00:16]} Bc3 {[%clk 00:37:31]} {[%emt
00:00:19]} 34. Kd1 {[%clk 00:29:01]} {[%emt 00:00:08]} Bxd2 {[%clk 00:37:49]}
{[%emt 00:00:15]} 35. Kxd2 {[%clk 00:29:23]} {[%emt 00:00:08]} Kf7 {[%clk
00:37:52]} {[%emt 00:00:27]} 36. Kc3 {[%clk 00:28:26]} {[%emt 00:01:26]} Ke7
{[%clk 00:38:01]} {[%emt 00:00:23]} 37. g4 {[%clk 00:25:50]} {[%emt 00:03:03]}
f5 {[%clk 00:36:57]} {[%emt 00:01:36]} 38. h3 {[%clk 00:25:37]} {[%emt
00:00:43]} g5 {[%clk 00:35:25]} {[%emt 00:02:00]} 39. Kc2 {[%clk 00:25:18]}
{[%emt 00:00:48]} fxg4 {[%clk 00:34:51]} {[%emt 00:01:07]} 40. hxg4 {[%clk
00:25:43]} {[%emt 00:00:06]} Kf6 {[%clk 00:34:25]} {[%emt 00:00:52]} 41. Kc3
{[%clk 00:25:03]} {[%emt 00:01:13]} gxf4 {[%clk 00:34:35]} {[%emt 00:00:20]}
42. exf4 {[%clk 00:25:23]} {[%emt 00:00:09]} Kg6 {[%clk 00:34:48]} {[%emt
00:00:18]} 43. Kc2 {[%clk 00:25:28]} {[%emt 00:00:25]} h5 {[%clk 00:34:33]}
{[%emt 00:00:45]} 44. gxh5+ {[%emt 00:00:27]} Kxh5 {[%emt 00:00:14]} 45. Kc3
{[%clk 00:24:40]} {[%emt 00:00:37]} Kg4 {[%clk 00:34:46]} {[%emt 00:00:16]} 46.
Kc2 {[%clk 00:24:55]} {[%emt 00:00:16]} Kxf4 {[%clk 00:35:12]} {[%emt
00:00:04]} 47. Kd2 {[%clk 00:24:59]} {[%emt 00:00:24]} Ke4 {[%clk 00:35:31]}
{[%emt 00:00:11]} 48. Kc3 {[%clk 00:25:24]} {[%emt 00:00:06]} a5 {[%clk
00:35:55]} {[%emt 00:00:08]} 49. Kb2 {[%clk 00:25:38]} {[%emt 00:00:14]} Kxd4
{[%clk 00:36:20]} {[%emt 00:00:05]} 50. Ka3 {[%clk 00:25:58]} {[%emt 00:00:10]}
Kd3 {[%clk 00:36:34]} {[%emt 00:00:17]} 51. Ka4 {[%clk 00:26:22]} {[%emt
00:00:05]} c3 {[%clk 00:36:55]} {[%emt 00:00:10]} 52. Kxa5 {[%clk 00:26:47]}
{[%emt 00:00:05]} c2 {[%clk 00:37:21]} {[%emt 00:00:04]} 53. Kb5 {[%clk
00:27:05]} {[%emt 00:00:11]} c1=Q {[%clk 00:37:44]} {[%emt 00:00:07]} 54. Kb4
{[%emt 00:00:16]} Qc4+ {[%emt 00:00:26]} 55. Ka5 {[%clk 00:26:43]} {[%emt
00:00:09]} Qb3 {[%clk 00:38:09]} {[%emt 00:00:08]} 56. Ka6 {[%clk 00:27:06]}
{[%emt 00:00:06]} Kc4 {[%clk 00:38:33]} {[%emt 00:00:06]} 57. Ka7 {[%clk
00:27:25]} {[%emt 00:00:10]} Kc5 {[%clk 00:38:59]} {[%emt 00:00:06]} 58. Ka8
{[%clk 00:27:34]} {[%emt 00:00:16]} Kc6 {[%clk 00:39:22]} {[%emt 00:00:11]} 59.
Ka7 {[%clk 00:27:56]} {[%emt 00:00:08]} Qb7# {[%emt 00:00:04]} 0-1

[Event "DEM U10w 2022"]
[Site "Willingen GER"]
[Date "2022.06.10"]
[Round "10"]
[White "Glotz, Katharina"]
[Black "Stiehler, Mara"]
[Result "1/2-1/2"]
[Termination "normal"]
[Board "4"]
[WhiteElo "1067"]
[BlackElo "1200"]
[WhiteClock "00:14:39"]
[BlackClock "00:36:55"]
[PlyCount "60"]
[WhiteFideId "34631011"]
[BlackFideId "34621199"]
[EventCountry "GER"]
[EventRounds "11"]
[EventType "swiss"]
[EventDate "2022.06.04"]

1. e4 {[%clk 01:15:53]} {[%emt 00:00:06]} e6 {[%clk 01:15:55]} {[%emt
00:00:06]} 2. Qe2 {[%clk 01:15:51]} {[%emt 00:00:31]} Ne7 {[%clk 01:15:30]}
{[%emt 00:00:56]} 3. Nc3 {[%clk 01:10:17]} {[%emt 00:06:04]} d5 {[%clk
01:15:26]} {[%emt 00:00:34]} 4. exd5 {[%clk 01:05:29]} {[%emt 00:05:18]} Nxd5
{[%clk 01:14:53]} {[%emt 00:01:02]} 5. g3 {[%clk 01:02:36]} {[%emt 00:03:23]}
Nb4 {[%clk 01:12:01]} {[%emt 00:03:24]} 6. Qb5+ {[%clk 00:57:23]} {[%emt
00:05:43]} Qd7 {[%clk 01:11:21]} {[%emt 00:01:09]} 7. Kd1 {[%clk 00:55:21]}
{[%emt 00:02:31]} N8c6 {[%clk 01:11:08]} {[%emt 00:00:43]} 8. a3 {[%clk
00:54:12]} {[%emt 00:01:41]} Nd5 {[%clk 01:10:24]} {[%emt 00:01:13]} 9. Nxd5
{[%clk 00:53:25]} {[%emt 00:01:17]} exd5 {[%clk 01:10:19]} {[%emt 00:00:35]}
10. Bg2 {[%clk 00:50:52]} {[%emt 00:03:01]} Ne7 {[%clk 01:03:32]} {[%emt
00:07:20]} 11. Qe2 {[%clk 00:50:04]} {[%emt 00:01:16]} Qg4 {[%clk 01:01:18]}
{[%emt 00:02:45]} 12. Nf3 {[%clk 00:46:48]} {[%emt 00:03:44]} Qe4 {[%clk
00:59:50]} {[%emt 00:02:00]} 13. Qb5+ {[%clk 00:45:24]} {[%emt 00:01:53]} c6
{[%clk 00:59:01]} {[%emt 00:01:19]} 14. Qb3 {[%clk 00:40:57]} {[%emt 00:04:58]}
Bg4 {[%clk 00:56:25]} {[%emt 00:03:06]} 15. Re1 {[%clk 00:37:03]} {[%emt
00:04:22]} Bxf3+ {[%clk 00:55:01]} {[%emt 00:01:55]} 16. Qxf3 {[%clk 00:31:59]}
{[%emt 00:05:35]} Qd4 {[%clk 00:53:02]} {[%emt 00:02:28]} 17. Qb3 {[%clk
00:29:16]} {[%emt 00:03:13]} b6 {[%clk 00:52:09]} {[%emt 00:01:24]} 18. d3
{[%clk 00:25:14]} {[%emt 00:04:32]} Qxf2 {[%clk 00:51:22]} {[%emt 00:01:16]}
19. Qa4 {[%clk 00:23:55]} {[%emt 00:01:50]} b5 {[%clk 00:51:10]} {[%emt
00:00:43]} 20. Qa6 {[%clk 00:21:30]} {[%emt 00:02:54]} Kd8 {[%clk 00:44:34]}
{[%emt 00:07:05]} 21. Be3 {[%clk 00:19:09]} {[%emt 00:02:51]} Qxg2 {[%clk
00:42:42]} {[%emt 00:02:23]} 22. Bb6+ {[%clk 00:19:19]} {[%emt 00:00:19]} Ke8
{[%clk 00:42:10]} {[%emt 00:01:03]} 23. Qb7 {[%clk 00:18:38]} {[%emt 00:01:08]}
Qf3+ {[%clk 00:42:04]} {[%emt 00:00:39]} 24. Re2 {[%clk 00:18:27]} {[%emt
00:00:39]} axb6 {[%clk 00:41:20]} {[%emt 00:01:16]} 25. Qxa8+ {[%clk 00:18:35]}
{[%emt 00:00:22]} Kd7 {[%clk 00:41:36]} {[%emt 00:00:14]} 26. Qb7+ {[%clk
00:18:28]} {[%emt 00:00:36]} Kd6 {[%clk 00:40:58]} {[%emt 00:01:07]} 27. Qxb6
{[%clk 00:18:36]} {[%emt 00:00:24]} Qf1+ {[%clk 00:39:21]} {[%emt 00:02:07]}
28. Re1 {[%clk 00:18:39]} {[%emt 00:00:27]} Qf3+ {[%clk 00:39:24]} {[%emt
00:00:27]} 29. Kd2 {[%clk 00:17:56]} {[%emt 00:01:10]} g6 {[%clk 00:38:04]}
{[%emt 00:01:52]} 30. Qb8+ {[%clk 00:14:39]} {[%emt 00:03:44]} Kd7 {[%clk
00:36:55]} {[%emt 00:01:43]} 1/2-1/2